A kommunisták a Seprűgyárban is az emberek javáért dolgoznak
Elmentve itt :
| Dokumentumtípus: | Cikk |
|---|---|
| Megjelent: |
1957-11-14
|
| Sorozat: | Délmagyarország
|
| Kulcsszavak: | Ipar Szeged 1957 |
| Online Access: | http://dmarchiv.bibl.u-szeged.hu/53510 |
| LEADER | 00425nab a2200145 i 4500 | ||
|---|---|---|---|
| 001 | delm53510 | ||
| 005 | 20180927141921.0 | ||
| 008 | 180927s1957 hu o 0|| hun d | ||
| 040 | |a SZTE Délmagyarország Archívum |b hun | ||
| 041 | |a hun | ||
| 245 | 0 | 2 | |a A kommunisták a Seprűgyárban is az emberek javáért dolgoznak |h [elektronikus dokumentum] |
| 260 | |c 1957-11-14 | ||
| 300 | |a 3 | ||
| 490 | 0 | |a Délmagyarország | |
| 695 | |a Ipar Szeged 1957 | ||